000 00263nam a2200121Ia 4500
005 20251222144754.0
008 251222s9999||||xx |||||||||||||| ||spa||
082 _a848.9/R86
100 _aRoussel, Jean
245 0 _aPƩguy
264 _bFontanella
942 _cLIB
999 _c19462
_d19462